Plats Fumés - Mort Subite - Statistiques

Statistiques générales
  • Ce quiz a été pris 56 fois
  • Le résultat moyen est 4 sur 16
Answers on the Grid
Answers color-coded by a green-red scale on the quiz's grid according to % correct below.
Jambon Forêt-Noire
Cullen skink
Bokkoms
Pastrami on rye
Bagel au saumon fumé à froid de Montréal
Kottenbutter
Hot-dog
Brési
Oscypek
Kebab alinazik
Canard Zhangcha
Gendarme
Hareng saur
Katsuobushi / Flocons de bonite
Salsa chipotle
Andouille de Guémené
Huîtres Rockefeller
Bati / Baati
Tabbouleh
Mató
Bœuf Wellington
Tamagoyaki
Gratin dauphinois
Cretons
Ugali
Idli / Idly
Kimchi
Mett
 
Statistiques - réponses
Réponse % Correct
Bagel au saumon fumé à froid de Montréal
65%
Jambon Forêt-Noire
56%
Andouille de Guémené
44%
Hareng saur
44%
Canard Zhangcha
23%
Pastrami on rye
21%
Salsa chipotle
21%
Hot-dog
19%
Kebab alinazik
14%
Brési
12%
Gendarme
12%
Katsuobushi / Flocons de bonite
7%
Kottenbutter
7%
Oscypek
7%
Bokkoms
5%
Cullen skink
2%
Aucun quiz correspondant
Distribution des résultats
% des personnes avec chaque résultat
Percentile par nombre de réponses
Votre historique - résultats
Vous n’avez pas pris ce quiz